Normal view
MARC view
- بوعود، اسماء
Entry Personal Name
001 - CONTROL NUMBER
- control field: 60050
003 - CONTROL NUMBER IDENTIFIER
- control field: JO-AjAnu
005 - DATE AND TIME OF LATEST TRANSACTION
- control field: 20230606083821.0
008 - FIXED-LENGTH DATA ELEMENTS
- fixed length control field: 230606|| aca||aabn | a|a d
040 ## - CATALOGING SOURCE
- Original cataloging agency: JO-AjAnu
- Transcribing agency: JO-AjAnu
100 ## - HEADING--PERSONAL NAME
- Personal name: بوعود، اسماء
670 ## - SOURCE DATA FOUND
- Source citation: Work cat.: (JO-AjAnu)30624: بوعود، اسماء, author, الاضطرابات النفسية والعقلية بين التناول السيكولوجي الحديث والتناول النفسي الديني الاسلامي